| 000 | 00584nam a2200241Ia 4500 | ||
|---|---|---|---|
| 003 | 0100 | ||
| 008 | 130303s9999 xx 000 0 und d | ||
| 020 | _a0534191827 | ||
| 040 | _cARRUPELIB | ||
| 050 | _aBL80.2.C34 1993 | ||
| 100 | _aCarmody, Denise Lardner | ||
| 245 | _aWays to the Center | ||
| 245 | _ban introduction to World Religions | ||
| 250 | _a4th ed. | ||
| 260 | _aBelmont, California | ||
| 260 | _bWadsworth Publishing Company | ||
| 260 | _C1993 | ||
| 300 | _a489p. | ||
| 300 | _b 24 cm. | ||
| 650 | _aRELIGION | ||
| 700 | _aCarmody, John | ||
| 942 | 0 | 0 | _07 |
| 999 |
_c19311 _d19311 |
||